| 000 | 01345cam a2200301 i 4500 | ||
|---|---|---|---|
| 003 | SA-RiAUC | ||
| 005 | 20250710122944.0 | ||
| 008 | 250710s1984 su g b 00010bara c | ||
| 040 |
_aSA-RiAUC _bara _cSA-RiAUC _erda |
||
| 082 | 0 | 4 |
_a928.1 _qSA-RiAUC |
| 090 |
_a928.1 _bا ب ن ح |
||
| 100 | 1 |
_aابن حسين، محمد بن سعد بن محمد، _d1350 هجري- _eمؤلف. |
|
| 245 | 1 | 0 |
_aمحمد سعيد عبد المقصود خوجة : _bحياته وآثاره / _cمحمد بن سعيد بن حسين. |
| 250 | _aالطبعة الأولى. | ||
| 264 | 1 |
_aجدة، السعودية : _bتهامة، _c1984 |
|
| 300 |
_a249 صفحة ؛ _c20 سم. |
||
| 336 |
_aنص _btxt _2rdacontent _3كتاب |
||
| 337 |
_aبدون وسيط _bn _2rdamedia |
||
| 338 |
_aمجلد _bnc _2rdacarrier |
||
| 490 | 1 |
_aالكتاب العربي السعودي ؛ _v104 |
|
| 504 | _aيشتمل على إرجاعات ببليوجرافية. | ||
| 600 | 1 | 7 |
_aخوجة، محمد سعيد عبد المقصود، _d1324-1360 هجري _2aucnm |
| 650 | 7 |
_aالأدباء العرب _zالسعودية _vتراجم _2aucsh |
|
| 650 | 7 |
_aالأدب العربي _zالسعودية _xتاريخ ونقد _yقرن 14 هجري. _2aucsh |
|
| 830 | 2 |
_aالكتاب العربي السعودي _v104 |
|
| 942 |
_2ddc _cBOOK _n0 |
||
| 949 |
_aSA-JeALM _d250710 _uosman123 _n1 |
||
| 999 |
_c9728 _d9728 |
||